DEVELOPMENT OF RURAL TOURISM AND UTILIZATION OF PRIVATE ACCOMODATION, ESPECIALLY IN NORTHER HUNGARY

Bibliográfiai részletek
Szerző: Fülep Edina
További közreműködők: Nagy Irén
Dokumentumtípus: Diplomadolgozat
Kulcsszavak:Rural tourism
NORTHERN HUNGARY
private accomodation
Online Access:http://dolgozattar.uni-bge.hu/18372

MARC

LEADER 00000nta a2200000 i 4500
001 dolg18372
005 20181129134655.0
008 181129suuuu hu om 000 eng d
040 |a BGE Dolgozattár Repozitórium  |b hun 
041 |a en 
100 1 |a Fülep Edina 
245 1 0 |a DEVELOPMENT OF RURAL TOURISM AND UTILIZATION OF PRIVATE ACCOMODATION, ESPECIALLY IN NORTHER HUNGARY  |c Fülep Edina  |h [elektronikus dokumentum] 
246 1 1 |a DEVELOPMENT OF RURAL TOURISM AND UTILIZATION OF PRIVATE ACCOMODATION, ESPECIALLY IN NORTHER HUNGARY 
695 |a Rural tourism 
695 |a NORTHERN HUNGARY 
695 |a private accomodation 
700 1 |a Nagy Irén  |e ths 
856 4 0 |u http://dolgozattar.uni-bge.hu/18372/1/F%C3%BClep%20Edina_JVHU9N_szakdolgzat.pdf  |z Dokumentum-elérés